000 00738nam a2200241 a 4500
001 BRCA_3551
005 20190320204330.0
008 310709s1963----enka---###---#000-0#eng-#
041 _aeng
044 _aenk
050 4 _aN6750
_b.W87 1963
100 1 _aWürtenberger, Franzsepp
_99215
245 1 0 _aMannerism
_bby The European style of the sixteenth century
_cFranzsepp Würtenberger ; translated from the German by Michael Heron.
260 _aLondon
_bWeidenfeld & Nicolson
_c1963
300 _a246 p.
_bil., 32 láminas
_c34 cm.
500 _aB219
504 _aBibliografía: p. 241-246
650 1 4 _aManierismo
_99216
650 1 4 _aArte europeo
_97849
700 1 _aHeron, Michel
_etr
_99217
902 _aGFM
942 _2lcc
_cB
999 _c3286
_d3286